000 00309nam a22001337a 4500
008 170522b xxu||||| |||| 00| 0 eng d
020 _a9781415201404
041 _aeng
080 _22ND
_a94(6)
100 _a16
101 _aSHH
245 _aDINOSAURS, DIAMONDS AND DEMOCRACY
_cWILSON, F
942 _2udc
_cBK
999 _c13706
_d13706